[Event "20th EUR-ch"]
[Site "Skopje MKD"]
[Date "2019.03.25"]
[Round "7"]
[White "Ruck, Robert"]
[Black "Sarana, Alexei"]
[Result "0-1"]
[WhiteElo "2521"]
[BlackElo "2625"]
[EventDate "2019.03.18"]
[Board "35"]
[PlyCount "114"]

1.e4 c5 2.Nf3 d6 3.Bb5+ Nd7 4.d4 cxd4 5.Qxd4 Nf6 6.Bg5 a6 7.Bxd7+ Nxd7 8.
O-O Qb6 9.Qc3 Qc6 10.Re1 h6 11.Bh4 e5 12.Nfd2 g5 13.Bg3 Nf6 14.Qd3 Be6 15.
c4 Rc8 16.b3 b5 17.cxb5 Qxb5 18.Qxb5+ axb5 19.Na3 Rb8 20.Nc2 Be7 21.Nb4 
Kd7 22.Red1 Nh5 23.Nf1 Nxg3 24.Nxg3 Rhc8 25.Rd3 Bd8 26.Rad1 Ke8 27.Kf1 Ra8
28.Ne2 Ba5 29.Nd5 Rc2 30.Nec3 Bxc3 31.Nc7+ Kd7 32.Nxa8 Bd4 33.Rxd4 exd4 
34.Rxd4 Rc6 35.Rb4 Ra6 36.Rxb5 Rxa8 37.a4 Rc8 38.Ke1 Rc2 39.a5 Rc5 40.Rb7+
Kc8 41.Rb6 Rxa5 42.Rxd6 Rb5 43.f3 Rxb3 44.Kf2 Kc7 45.Rd4 h5 46.h3 Rb2+ 47.
Kg3 h4+ 48.Kh2 f6 49.Kg1 Bd7 50.Kh2 Kd8 51.Rd5 Ke7 52.Ra5 Bb5 53.Ra1 Ke6 
54.Rc1 Be2 55.Kg1 Ke5 56.Rc5+ Kf4 57.Kh2 Bf1 0-1

[Event "20th EUR-ch"]
[Site "Skopje MKD"]
[Date "2019.03.25"]
[Round "7"]
[White "Van Foreest, Jorden"]
[Black "Arutinian, David"]
[Result "1/2-1/2"]
[WhiteElo "2621"]
[BlackElo "2555"]
[EventDate "2019.03.18"]
[Board "36"]
[PlyCount "79"]

1.e4 c6 2.Nf3 d5 3.Nc3 dxe4 4.Nxe4 Nf6 5.Qe2 Qd5 6.Nxf6+ gxf6 7.g3 Qe6 8.
a4 a5 9.d4 Qxe2+ 10.Bxe2 Bf5 11.c3 e6 12.Nd2 Bd6 13.h4 h5 14.Nc4 Bc7 15.
Bf4 Bxf4 16.gxf4 Ke7 17.Ne3 Be4 18.Rg1 Nd7 19.O-O-O Rag8 20.Rge1 Nb6 21.f5
Nd5 22.fxe6 fxe6 23.Nxd5+ cxd5 24.Rg1 Bg6 25.Rg3 Be8 26.Rdg1 Kf8 27.b3 
Rxg3 28.Rxg3 Rg8 29.Rxg8+ Kxg8 30.c4 dxc4 31.Bxc4 Bf7 32.Kd2 Kf8 33.f4 Ke7
34.Kc3 Be8 35.Be2 Kd6 36.Bf3 b6 37.Kc4 Kc7 38.Bd1 Kd6 39.Bf3 Kc7 40.Bd1 
1/2-1/2

[Event "20th EUR-ch"]
[Site "Skopje MKD"]
[Date "2019.03.25"]
[Round "7"]
[White "Postny, Evgeny"]
[Black "Beliavsky, Alexander"]
[Result "1-0"]
[WhiteElo "2619"]
[BlackElo "2526"]
[EventDate "2019.03.18"]
[Board "37"]
[PlyCount "101"]

1.d4 Nf6 2.c4 e6 3.Nf3 d5 4.Nc3 Be7 5.Bf4 O-O 6.e3 c5 7.dxc5 Bxc5 8.Qc2 
Nc6 9.a3 Qa5 10.Ra2 Qd8 11.Be2 dxc4 12.Bxc4 Bd6 13.Bg5 h6 14.Bh4 Ne5 15.
Be2 Ng6 16.Bg3 Bxg3 17.hxg3 Qc7 18.O-O Bd7 19.Raa1 Rac8 20.Qb3 Ne5 21.Rac1
Nxf3+ 22.Bxf3 b6 23.Rfd1 Qe5 24.Qb4 Rc5 25.Rd2 Rfc8 26.Rcd1 Be8 27.Rd8 Qb8
28.R8d6 Rc4 29.Qb3 R4c5 30.Be2 Qc7 31.Bf3 Qe7 32.R6d2 Kf8 33.Rd4 R8c7 34.
Qc2 Rd7 35.Rxd7 Bxd7 36.Qd3 Be8 37.Qd4 Rc7 38.Qf4 Rc8 39.Be2 Rd8 40.Rxd8 
Qxd8 41.e4 Bc6 42.e5 Nd5 43.Qd4 Qg5 44.Ne4 Qc1+ 45.Kh2 Kg8 46.Bf3 Qc2 47.
Nd6 Ne7 48.Qh4 Kf8 49.Qf4 Qg6 50.Qc1 Kg8 51.Nc8 1-0

[Event "20th EUR-ch"]
[Site "Skopje MKD"]
[Date "2019.03.25"]
[Round "7"]
[White "Demidov, Mikhail"]
[Black "Blubaum, Matthias"]
[Result "1/2-1/2"]
[WhiteElo "2520"]
[BlackElo "2616"]
[EventDate "2019.03.18"]
[Board "38"]
[PlyCount "79"]

1.d4 Nf6 2.c4 e6 3.Nc3 Bb4 4.e3 O-O 5.Bd3 d5 6.Nf3 dxc4 7.Bxc4 c5 8.O-O 
Bd7 9.Qe2 Bc6 10.Rd1 Bxc3 11.bxc3 Nbd7 12.Ne5 Nxe5 13.dxe5 Nd7 14.f4 Qa5 
15.Bd2 b5 16.Bd3 c4 17.Bc2 Nc5 18.Be1 Be4 19.Bxe4 Nxe4 20.a4 Nc5 21.axb5 
Qxb5 22.Rab1 Nb3 23.Bh4 Rfe8 24.Qg4 Kh8 25.Qh5 Qb7 26.Rd6 a5 27.f5 Qe4 28.
Rf1 Qxe5 29.Rd7 exf5 30.Rxf7 Rf8 31.Bf6 Qxe3+ 32.Kh1 Rxf7 33.Qxf7 Qh6 34.
Be5 a4 35.Rxf5 Rg8 36.h3 a3 37.Rh5 Qxh5 38.Bxg7+ Rxg7 39.Qf8+ Rg8 40.Qf6+ 
1/2-1/2

[Event "20th EUR-ch"]
[Site "Skopje MKD"]
[Date "2019.03.25"]
[Round "7"]
[White "Flom, Gabriel"]
[Black "Oparin, Grigory"]
[Result "0-1"]
[WhiteElo "2457"]
[BlackElo "2613"]
[EventDate "2019.03.18"]
[Board "39"]
[PlyCount "102"]

1.d4 f5 2.Bf4 Nf6 3.e3 d6 4.Nc3 e6 5.Be2 Nc6 6.Bf3 Be7 7.Nge2 O-O 8.O-O e5
9.dxe5 Nxe5 10.Bxe5 dxe5 11.e4 f4 12.Nd5 Bd6 13.Nec3 Be6 14.Qe2 Ne8 15.Nb5
c6 16.Nxd6 Nxd6 17.Nb4 Bc4 18.Nd3 Nb5 19.b3 Bxd3 20.cxd3 Nd4 21.Qd1 Qh4 
22.Rc1 Rad8 23.Rc5 Qe7 24.b4 Rd6 25.Re1 Rh6 26.h3 Rff6 27.Kf1 Rfg6 28.Rc4 
Qd6 29.b5 c5 30.Ra4 Qd7 31.Bg4 Qxb5 32.Rxa7 Ra6 33.Rxa6 Rxa6 34.Qb1 Qxb1 
35.Rxb1 Rxa2 36.Kg1 b5 37.Rc1 Rc2 38.Rxc2 Nxc2 39.Kf1 Kf7 40.Ke2 Nd4+ 41.
Kd2 Ke7 42.h4 h6 43.Kc3 Kd6 44.g3 fxg3 45.fxg3 Kc6 46.Bh5 Kb6 47.Bg4 Ka5 
48.Bd1 g6 49.h5 gxh5 50.Bxh5 Ka4 51.g4 Ka3 0-1

[Event "20th EUR-ch"]
[Site "Skopje MKD"]
[Date "2019.03.25"]
[Round "7"]
[White "Erdos, Viktor"]
[Black "Enchev, Ivajlo"]
[Result "1-0"]
[WhiteElo "2612"]
[BlackElo "2490"]
[EventDate "2019.03.18"]
[Board "40"]
[PlyCount "81"]

1.d4 Nf6 2.c4 e6 3.Nf3 d5 4.Bg5 c6 5.Nc3 h6 6.Bxf6 Qxf6 7.e3 Nd7 8.Be2 g6 
9.e4 dxc4 10.e5 Qd8 11.Bxc4 Bg7 12.O-O O-O 13.Qe2 b6 14.Rfd1 Bb7 15.Bd3 
Qb8 16.Be4 c5 17.Bxb7 Qxb7 18.dxc5 Nxc5 19.b4 Nd7 20.Nb5 Rad8 21.Rac1 Qb8 
22.Nd6 a5 23.b5 Nxe5 24.Nxe5 Rxd6 25.Nd7 Rxd1+ 26.Qxd1 Qf4 27.Nxf8 Bxf8 
28.Rc8 Qe5 29.h4 Kg7 30.Qd8 Qe1+ 31.Kh2 Qb4 32.g3 a4 33.Qxb6 Qb2 34.Kg2 
Be7 35.Qb7 Bd6 36.Qc6 Be5 37.Qe8 Kf6 38.Qd8+ Kf5 39.Qd3+ Kf6 40.Qd8+ Kf5 
41.Rc4 1-0

[Event "20th EUR-ch"]
[Site "Skopje MKD"]
[Date "2019.03.25"]
[Round "7"]
[White "Deac, Bogdan-Daniel"]
[Black "Ivic, Velimir"]
[Result "1-0"]
[WhiteElo "2609"]
[BlackElo "2487"]
[EventDate "2019.03.18"]
[Board "41"]
[PlyCount "93"]

1.Nf3 Nf6 2.c4 g6 3.Nc3 d5 4.cxd5 Nxd5 5.h4 Nxc3 6.dxc3 Qxd1+ 7.Kxd1 Na6 
8.h5 Bg7 9.e4 Nc5 10.hxg6 hxg6 11.Rxh8+ Bxh8 12.Ng5 e5 13.Be3 Ne6 14.a4 
Bf6 15.Nf3 a5 16.Kc2 Bd7 17.Bb5 Bg7 18.Nd2 Bf8 19.Nc4 f6 20.Bxd7+ Kxd7 21.
Rh1 Ke8 22.g3 b6 23.f4 exf4 24.gxf4 Rd8 25.Rh8 Kf7 26.Rh7+ Kg8 27.Rh3 Kf7 
28.b3 Rd7 29.Rh7+ Ke8 30.Rxd7 Kxd7 31.f5 gxf5 32.exf5 Nd8 33.Nd2 Nc6 34.
Kd3 Bd6 35.Bf2 Ne5+ 36.Ke4 Ke7 37.Bd4 Nf7 38.Nc4 Bg3 39.b4 axb4 40.cxb4 
Kd7 41.Bxf6 b5 42.axb5 Be1 43.Ne5+ Nxe5 44.Bxe5 Bxb4 45.Kd5 Be7 46.f6 Bf8 
47.Bd4 1-0

[Event "20th EUR-ch"]
[Site "Skopje MKD"]
[Date "2019.03.25"]
[Round "7"]
[White "Moussard, Jules"]
[Black "Zajic, Milan"]
[Result "1/2-1/2"]
[WhiteElo "2601"]
[BlackElo "2485"]
[EventDate "2019.03.18"]
[Board "42"]
[PlyCount "206"]

1.Nf3 d5 2.g3 Nc6 3.Bg2 e5 4.d3 Nf6 5.a3 Bd6 6.O-O O-O 7.Bg5 Be6 8.Nc3 Be7
9.Re1 d4 10.Bxf6 Bxf6 11.Nb1 Re8 12.c3 g5 13.Nfd2 Bg7 14.b4 Rb8 15.Ne4 h6 
16.Nc5 Bd5 17.Bh3 Ne7 18.c4 Bc6 19.b5 Qd6 20.Nb3 Bd7 21.c5 Qd5 22.e4 dxe3 
23.Nc3 exf2+ 24.Kxf2 Bxh3 25.Nxd5 Nxd5 26.Rc1 Rbd8 27.Kg1 e4 28.Qh5 Be6 
29.dxe4 Nc3 30.e5 Nxb5 31.Re3 Nxa3 32.Qe2 a6 33.c6 bxc6 34.Nc5 Nb5 35.Nxe6
Rxe6 36.Kh1 Rde8 37.Rc5 a5 38.Qa2 Rxe5 39.Rcxe5 Rxe5 40.Rf3 Nd6 41.Qa4 Rf5
42.Re3 Re5 43.Rxe5 Bxe5 44.Qxa5 Bg7 45.Qxc7 Nc4 46.Qd8+ Bf8 47.Qd4 Nd6 48.
Qc5 Nc8 49.Qxc6 Ne7 50.Qe8 Ng6 51.Kg2 Kg7 52.Kf3 Be7 53.Ke4 Bf6 54.Qc8 Kh7
55.Qg4 Bg7 56.Qh5 Kg8 57.Kd5 Kh7 58.Kd6 Kg8 59.Kd7 Kh7 60.Ke8 Kg8 61.Qf3 
Ne5 62.Qa8 Kh7 63.Ke7 Bh8 64.Qg2 Bg7 65.Ke8 Kg8 66.Qe4 Kh8 67.Qe2 Kg8 68.
Qh5 Ng6 69.Qf3 Ne5 70.Qd1 Kh8 71.h3 Kg8 72.Qh5 Ng6 73.Qd1 Ne5 74.Qb3 Kh8 
75.Ke7 Kg8 76.Kd6 Kh7 77.Kd5 Kg8 78.Ke4 Kh7 79.Qb1 Kg8 80.Qh1 Kh7 81.h4 g4
82.Kd5 Kg8 83.Qe4 Kh8 84.Kd6 Kg8 85.Ke7 Ng6+ 86.Ke8 Ne5 87.Qa8 Kh7 88.h5 
Kg8 89.Ke7+ Kh7 90.Qc8 Bh8 91.Kd6 Bg7 92.Qf5+ Kg8 93.Qc2 Kh8 94.Kd5 Kg8 
95.Qf5 Kh8 96.Qxe5 Bxe5 97.Kxe5 Kg7 98.Kf5 Kg8 99.Kxg4 Kg7 100.Kf5 Kg8 
101.Kf6 Kf8 102.g4 Kg8 103.g5 hxg5 1/2-1/2

[Event "20th EUR-ch"]
[Site "Skopje MKD"]
[Date "2019.03.25"]
[Round "7"]
[White "Bartel, Mateusz"]
[Black "Murzin, Volodar"]
[Result "1-0"]
[WhiteElo "2600"]
[BlackElo "2337"]
[EventDate "2019.03.18"]
[Board "43"]
[PlyCount "117"]

1.c4 c6 2.d4 d5 3.cxd5 cxd5 4.Nc3 Nc6 5.Nf3 e6 6.Bf4 Bd6 7.Bxd6 Qxd6 8.e3 
Nge7 9.Bd3 Bd7 10.O-O f5 11.a3 O-O 12.b4 Rac8 13.Rc1 Be8 14.Nb5 Qb8 15.Qb3
h6 16.g3 Bh5 17.Nd2 e5 18.dxe5 Qxe5 19.Rfe1 Kh8 20.Qc3 a6 21.Nd4 Nxd4 22.
Qxd4 Qxd4 23.exd4 Nc6 24.Nb3 f4 25.Bf1 Bf3 26.Rc3 Be4 27.Rec1 Rce8 28.f3 
Bg6 29.Kf2 fxg3+ 30.hxg3 Be4 31.Re1 Re7 32.Ree3 Ref7 33.Be2 g5 34.Kg2 Bh7 
35.Bxa6 Nxb4 36.axb4 bxa6 37.Nc5 h5 38.Ne6 Rg8 39.Rc7 Bg6 40.Re5 g4 41.
Rxf7 Bxf7 42.Ng5 gxf3+ 43.Kxf3 Be8 44.Kf4 Bc6 45.Ne6 Rb8 46.Rxh5+ Kg8 47.
Rg5+ Kh8 48.Rg7 Rxb4 49.Rc7 Bb5 50.g4 Rb1 51.Ke5 Rg1 52.g5 Bc4 53.Nf4 
Rxg5+ 54.Kf6 Rg4 55.Ng6+ Rxg6+ 56.Kxg6 Bd3+ 57.Kf6 Kg8 58.Rg7+ Kh8 59.Rg3 
1-0

[Event "20th EUR-ch"]
[Site "Skopje MKD"]
[Date "2019.03.25"]
[Round "7"]
[White "Van Foreest, Lucas"]
[Black "Georgiev, Kiril"]
[Result "1-0"]
[WhiteElo "2515"]
[BlackElo "2595"]
[EventDate "2019.03.18"]
[Board "44"]
[PlyCount "101"]

1.e4 e5 2.Nf3 Nc6 3.Bc4 Bc5 4.c3 Nf6 5.d3 O-O 6.b4 Bb6 7.a4 a6 8.Bg5 d6 9.
Nbd2 Qe7 10.O-O Nd8 11.Bh4 Ne6 12.Bb3 Nf4 13.Nc4 Ba7 14.Ne3 Bxe3 15.fxe3 
Ng6 16.Bg3 Be6 17.Bc2 a5 18.b5 c6 19.Rb1 Nd7 20.Nd2 Rfc8 21.d4 Nf6 22.b6 
d5 23.Qe2 Rd8 24.h3 dxe4 25.Nxe4 Nxe4 26.Bxe4 Bd5 27.Bd3 Re8 28.Rbe1 f6 
29.Qc2 Bf7 30.Rf2 exd4 31.cxd4 Rad8 32.Rff1 Nf8 33.Qc3 Ne6 34.Qxa5 Ra8 35.
Qc3 Ng5 36.e4 Rxa4 37.d5 Ra3 38.Qd4 Rd8 39.Bc7 Rd7 40.d6 Qf8 41.e5 Ne6 42.
Qe3 Qa8 43.exf6 g6 44.Rf3 Qa5 45.Qe5 Nd4 46.Rg3 Be6 47.Qe4 Qc5 48.Kh2 Ra8 
49.Qf4 Bf7 50.Rge3 g5 51.Qg4 1-0

[Event "20th EUR-ch"]
[Site "Skopje MKD"]
[Date "2019.03.25"]
[Round "7"]
[White "Antipov, Mikhail"]
[Black "Repka, Christopher"]
[Result "1/2-1/2"]
[WhiteElo "2594"]
[BlackElo "2466"]
[EventDate "2019.03.18"]
[Board "45"]
[PlyCount "23"]

1.e4 e5 2.Nf3 Nc6 3.d4 exd4 4.Nxd4 Nf6 5.Nxc6 bxc6 6.Nd2 d5 7.exd5 cxd5 8.
Bb5+ Bd7 9.Bxd7+ Qxd7 10.O-O Be7 11.c4 O-O 12.cxd5 1/2-1/2

[Event "20th EUR-ch"]
[Site "Skopje MKD"]
[Date "2019.03.25"]
[Round "7"]
[White "Zlatanovic, Boroljub"]
[Black "Huschenbeth, Niclas"]
[Result "0-1"]
[WhiteElo "2376"]
[BlackElo "2594"]
[EventDate "2019.03.18"]
[Board "46"]
[PlyCount "60"]

1.c4 c5 2.Nc3 Nc6 3.g3 g6 4.Bg2 Bg7 5.a3 Nf6 6.Rb1 O-O 7.b4 cxb4 8.axb4 a6
9.Nf3 d5 10.cxd5 Nxd5 11.Nxd5 Qxd5 12.Bb2 Bxb2 13.Rxb2 Qb5 14.O-O a5 15.
Qb3 Be6 16.Qe3 a4 17.Ra1 Bb3 18.Nd4 Nxd4 19.Qxd4 Rac8 20.d3 Rc7 21.h4 Rfc8
22.Kh2 h5 23.Bh3 e6 24.Bg2 Rc1 25.Rxc1 Rxc1 26.Qd8+ Kg7 27.Qd4+ e5 28.Qd6 
Be6 29.Bh3 Qd5 30.Qxd5 Bxd5 0-1

[Event "20th EUR-ch"]
[Site "Skopje MKD"]
[Date "2019.03.25"]
[Round "7"]
[White "Mirzoev, Emil"]
[Black "Saric, Ivan"]
[Result "1/2-1/2"]
[WhiteElo "2511"]
[BlackElo "2703"]
[EventDate "2019.03.18"]
[Board "47"]
[PlyCount "116"]

1.d4 Nf6 2.c4 e6 3.Nc3 Bb4 4.e3 O-O 5.Bd3 d5 6.cxd5 exd5 7.Ne2 Re8 8.Bd2 
c5 9.O-O Nc6 10.a3 Bxc3 11.Nxc3 Bg4 12.f3 Bh5 13.Ne2 cxd4 14.exd4 Qb6 15.
Bc3 Bg6 16.Bxg6 hxg6 17.a4 Re3 18.a5 Qb5 19.Ng3 a6 20.Re1 Rae8 21.Rxe3 
Rxe3 22.Kf2 Re6 23.Qf1 Ng4+ 24.fxg4 Rf6+ 25.Nf5 gxf5 26.g5 Qxf1+ 27.Rxf1 
Re6 28.g4 fxg4 29.Kg3 Re2 30.Rf2 Rxf2 31.Kxf2 g6 32.Kg3 Kf8 33.Kxg4 Ke7 
34.h4 Ke6 35.h5 gxh5+ 36.Kxh5 Kf5 37.Kh6 Nd8 38.Kg7 Kxg5 39.Kf8 f5 40.Ke7 
Nc6+ 41.Kd6 f4 42.Kxd5 f3 43.Be1 Kf5 44.Kc5 Nxa5 45.d5 b5 46.Kb6 Nc4+ 47.
Kxa6 b4 48.Kb5 Nxb2 49.d6 Ke6 50.Bg3 b3 51.Kb4 Nc4 52.Kxb3 Nxd6 53.Kc2 Ne4
54.Kd3 Kf5 55.Ke3 Kg4 56.Bb8 Nc5 57.Kf2 Nd3+ 58.Kf1 Nf4 1/2-1/2

[Event "20th EUR-ch"]
[Site "Skopje MKD"]
[Date "2019.03.25"]
[Round "7"]
[White "Demuth, Adrien"]
[Black "Vallejo Pons, Francisco"]
[Result "1/2-1/2"]
[WhiteElo "2510"]
[BlackElo "2698"]
[EventDate "2019.03.18"]
[Board "48"]
[PlyCount "63"]

1.Nf3 d5 2.g3 Bg4 3.Bg2 Nd7 4.c4 e6 5.cxd5 exd5 6.O-O Ngf6 7.d3 Bc5 8.Nc3 
c6 9.Qb3 Nb6 10.e4 O-O 11.Qc2 Rc8 12.h3 Bh5 13.g4 Bg6 14.Ne5 Re8 15.Nxg6 
hxg6 16.Bg5 Qd7 17.Rad1 Nh7 18.Bc1 dxe4 19.dxe4 Qe7 20.Bf4 Bb4 21.a3 Bxc3 
22.Qxc3 Rcd8 23.Qa5 Nc8 24.Qc7 g5 25.Qxe7 Nxe7 26.Be3 b6 27.Rxd8 Rxd8 28.
Rc1 Rd6 29.e5 Re6 30.Rd1 Rxe5 31.Rd7 Nf6 32.Rxa7 1/2-1/2

[Event "20th EUR-ch"]
[Site "Skopje MKD"]
[Date "2019.03.25"]
[Round "7"]
[White "Ragger, Markus"]
[Black "Sanal, Vahap"]
[Result "1-0"]
[WhiteElo "2696"]
[BlackElo "2511"]
[EventDate "2019.03.18"]
[Board "49"]
[PlyCount "71"]

1.e4 c5 2.Nf3 d6 3.d4 cxd4 4.Nxd4 Nf6 5.Nc3 Nc6 6.Bg5 e6 7.Bb5 Bd7 8.Qd3 
h6 9.Bh4 Qb6 10.O-O-O Nxd4 11.Bxd7+ Nxd7 12.Qxd4 Qxd4 13.Rxd4 a6 14.Rhd1 
Ne5 15.Bg3 g5 16.Bxe5 dxe5 17.Rc4 b6 18.Rc6 Bc5 19.Na4 Bxf2 20.Nxb6 Be3+ 
21.Kb1 Bxb6 22.Rxb6 O-O 23.c4 Kg7 24.Kc2 g4 25.c5 a5 26.Kc3 Rae8 27.Rd7 
Kg6 28.c6 f5 29.exf5+ exf5 30.c7+ Kg5 31.Rbd6 Rc8 32.Kd2 f4 33.Rd8 f3 34.
gxf3 gxf3 35.Rxf8 Rxf8 36.Rd8 1-0

[Event "20th EUR-ch"]
[Site "Skopje MKD"]
[Date "2019.03.25"]
[Round "7"]
[White "Eljanov, Pavel"]
[Black "Arizmendi Martinez, Julen Luis"]
[Result "1-0"]
[WhiteElo "2682"]
[BlackElo "2506"]
[EventDate "2019.03.18"]
[Board "50"]
[PlyCount "163"]

1.Nf3 Nf6 2.g3 d5 3.Bg2 c5 4.O-O e6 5.c4 d4 6.e3 Nc6 7.exd4 cxd4 8.d3 Bd6 
9.Na3 O-O 10.Nc2 e5 11.b4 a6 12.a4 Re8 13.Ba3 Bg4 14.h3 Bh5 15.Re1 a5 16.
bxa5 Nxa5 17.Bxd6 Qxd6 18.Na3 Qc5 19.Qb1 e4 20.dxe4 Bxf3 21.Bxf3 Nd7 22.
Qb5 Qxb5 23.Nxb5 Ne5 24.Bg2 Red8 25.Red1 d3 26.Nc7 Rac8 27.Nd5 Rxc4 28.f4 
Nec6 29.Rxd3 Kf8 30.e5 g5 31.fxg5 Nxe5 32.Re3 Nac6 33.h4 Rd4 34.Nf6 Kg7 
35.Nh5+ Kf8 36.Rf1 Rd1 37.Bxc6 Nxc6 38.Nf6 Kg7 39.Rxd1 Rxd1+ 40.Kg2 Rd2+ 
41.Kh3 h6 42.Ne8+ Kg6 43.gxh6 Rd8 44.g4 Kxh6 45.Nf6 Kg6 46.Nh5 Rd4 47.Re8 
Kh7 48.Nf6+ Kg7 49.g5 Kg6 50.Re4 Rd1 51.Kg3 Rg1+ 52.Kf2 Rb1 53.Re8 Kf5 54.
Rg8 Nd4 55.Ke3 Ne6 56.Ne8 Rb3+ 57.Kd2 Nf4 58.Rg7 Ke6 59.Rh7 Rd3+ 60.Kc2 
Ra3 61.Nc7+ Ke7 62.h5 Nxh5 63.Nd5+ Ke6 64.Nc3 Ng3 65.Kb2 Rxc3 66.Rh6+ Kd7 
67.Kxc3 Ne4+ 68.Kb4 Nxg5 69.Rf6 Kc8 70.Ka5 Ne4 71.Rxf7 Nd6 72.Rh7 Kb8 73.
Rd7 Nc8 74.Kb5 Na7+ 75.Kc5 Nc8 76.Rh7 Ka7 77.a5 Kb8 78.Rg7 Ka7 79.Rc7 Kb8 
80.Rh7 Ka7 81.Rh8 Kb8 82.a6 1-0

[Event "20th EUR-ch"]
[Site "Skopje MKD"]
[Date "2019.03.25"]
[Round "7"]
[White "Edouard, Romain"]
[Black "Keymer, Vincent"]
[Result "1-0"]
[WhiteElo "2658"]
[BlackElo "2509"]
[EventDate "2019.03.18"]
[Board "51"]
[PlyCount "67"]

1.e4 c5 2.Nf3 d6 3.Bb5+ Nd7 4.O-O a6 5.Bd3 Ngf6 6.Re1 b5 7.c4 Ne5 8.Nxe5 
dxe5 9.Bf1 b4 10.d3 e6 11.Nd2 Bd6 12.a3 Nd7 13.Nb3 a5 14.axb4 cxb4 15.Be3 
O-O 16.c5 Bc7 17.d4 Nf6 18.Bb5 Rb8 19.Bc6 exd4 20.Nxd4 Bb7 21.Bxb7 Rxb7 
22.Qf3 Be5 23.Nc6 Qc7 24.Nxe5 Qxe5 25.c6 Rb5 26.Bf4 Qd4 27.c7 e5 28.Rac1 
Qd7 29.Red1 Qc8 30.Qh3 Ng4 31.Rd8 Rxd8 32.cxd8=Q+ Qxd8 33.Qxg4 h5 34.Qxh5 
1-0

[Event "20th EUR-ch"]
[Site "Skopje MKD"]
[Date "2019.03.25"]
[Round "7"]
[White "Parligras, Mircea-Emilian"]
[Black "Baron, Tal"]
[Result "1/2-1/2"]
[WhiteElo "2657"]
[BlackElo "2506"]
[EventDate "2019.03.18"]
[Board "52"]
[PlyCount "95"]

1.Nf3 Nf6 2.c4 c5 3.Nc3 d5 4.cxd5 Nxd5 5.d4 Nxc3 6.bxc3 g6 7.e4 Bg7 8.Be3 
Qa5 9.Nd2 Bd7 10.Rb1 Qxc3 11.d5 b6 12.Bc4 O-O 13.O-O Qa5 14.Bb3 Qa6 15.Re1
e6 16.Rc1 Qc8 17.Nc4 Qc7 18.a4 Na6 19.Qd2 Rae8 20.Bf4 e5 21.Bg5 Qb8 22.d6 
Rc8 23.Be7 Rfe8 24.Ne3 Nb4 25.Nd5 Nxd5 26.Bxd5 Rxe7 27.dxe7 Be8 28.Bc4 Bf6
29.Ba6 Rc7 30.Bb5 Bxe7 31.Qd5 Rc8 32.Qc4 Bxb5 33.axb5 Rd8 34.Rcd1 Rd4 35.
Rxd4 exd4 36.e5 Qd8 37.f4 Qd7 38.e6 fxe6 39.Qxe6+ Qxe6 40.Rxe6 Kf7 41.Rc6 
Ke8 42.g4 Kd7 43.f5 gxf5 44.gxf5 a6 45.Rxb6 axb5 46.Rxb5 c4 47.Kf2 d3 48.
Ke3 1/2-1/2

[Event "20th EUR-ch"]
[Site "Skopje MKD"]
[Date "2019.03.25"]
[Round "7"]
[White "Quparadze, Giga"]
[Black "Fressinet, Laurent"]
[Result "0-1"]
[WhiteElo "2501"]
[BlackElo "2652"]
[EventDate "2019.03.18"]
[Board "53"]
[PlyCount "97"]

1.e4 e5 2.Nf3 Nc6 3.d4 exd4 4.Bc4 Nf6 5.e5 d5 6.Bb5 Ne4 7.Nxd4 Bc5 8.Be3 
O-O 9.Nxc6 bxc6 10.Bxc5 Nxc5 11.Bxc6 Rb8 12.Qxd5 Qe7 13.O-O Ba6 14.Re1 
Rxb2 15.Na3 Ne6 16.Qa5 Rb6 17.Be4 Nd4 18.c4 Qb4 19.Qxb4 Rxb4 20.Nc2 Rxc4 
21.Nxd4 Rxd4 22.Rac1 Bc4 23.a3 g6 24.h3 Rb8 25.Re3 Rb5 26.Bf3 Ra5 27.Bg4 
c5 28.Rec3 h5 29.Bxh5 Be6 30.Bf3 c4 31.Be2 Rc5 32.Bf1 Kg7 33.Kh2 g5 34.g4 
Kg6 35.R1c2 Kg7 36.Be2 Kg6 37.Re3 Rb5 38.Kg3 Rb3 39.Rcc3 Kg7 40.h4 gxh4+ 
41.Kxh4 a5 42.Kg3 a4 43.Bf3 Rd3 44.Rcxd3 cxd3 45.Re4 Rxa3 46.Rd4 Ra1 47.
Rxd3 a3 48.Bd5 Bxd5 49.Rxd5 0-1

[Event "20th EUR-ch"]
[Site "Skopje MKD"]
[Date "2019.03.25"]
[Round "7"]
[White "Neverov, Valeriy"]
[Black "Volokytin, Andriy"]
[Result "1/2-1/2"]
[WhiteElo "2496"]
[BlackElo "2635"]
[EventDate "2019.03.18"]
[Board "54"]
[PlyCount "89"]

1.d4 Nf6 2.Nf3 d5 3.c4 e6 4.e3 a6 5.Nbd2 c5 6.dxc5 Bxc5 7.a3 dxc4 8.Bxc4 
b5 9.Be2 Bb7 10.b4 Bd6 11.Bb2 O-O 12.O-O Nbd7 13.Rc1 Qb8 14.Nb3 Bxf3 15.
Bxf3 Bxh2+ 16.Kh1 Be5 17.Nd4 Bxd4 18.Bxd4 h5 19.Bxa8 Ng4 20.f4 Qxa8 21.Qf3
Qd8 22.Kg1 a5 23.Rc2 axb4 24.axb4 Qh4 25.Qh3 Qxh3 26.gxh3 Ngf6 27.Rc7 Rd8 
28.Rb7 Ne4 29.Rxb5 Rc8 30.Rb7 Nf8 31.Ra1 Ng6 32.Rba7 Rc4 33.b5 Nh4 34.R7a2
Nf3+ 35.Kg2 Nxd4 36.exd4 Rb4 37.Ra8+ Kh7 38.Rb8 Kg6 39.b6 Rb2+ 40.Kf3 Nd2+
41.Ke3 Nc4+ 42.Kd3 Rxb6 43.Rxb6 Nxb6 44.Ke4 Kf6 45.Ra5 1/2-1/2

[Event "20th EUR-ch"]
[Site "Skopje MKD"]
[Date "2019.03.25"]
[Round "7"]
[White "Sargsian, Shant"]
[Black "Lagarde, Maxime"]
[Result "1/2-1/2"]
[WhiteElo "2488"]
[BlackElo "2631"]
[EventDate "2019.03.18"]
[Board "55"]
[PlyCount "157"]

1.e4 c5 2.Nf3 Nc6 3.Bb5 e6 4.O-O Nge7 5.Re1 a6 6.Bf1 d5 7.exd5 Nxd5 8.d4 
Nf6 9.Be3 Nd5 10.Bc1 Nf6 11.Be3 cxd4 12.Nxd4 Bd7 13.c4 Qc7 14.Nc3 Be7 15.
Nf3 Ng4 16.Bd2 f5 17.h3 h5 18.hxg4 hxg4 19.g3 gxf3 20.Bf4 Qb6 21.Nd5 exd5 
22.cxd5 O-O-O 23.dxc6 Bxc6 24.Qc2 Bd6 25.Qxf5+ Kb8 26.Re6 Bxf4 27.Qxf4+ 
Qc7 28.Qxc7+ Kxc7 29.Re7+ Kb6 30.Rxg7 Rd6 31.Rg4 Rdh6 32.Rh4 Rxh4 33.gxh4 
Rxh4 34.Rc1 Rd4 35.Bc4 Rg4+ 36.Kh1 Rg2 37.Rc2 Be4 38.Rd2 Kc5 39.Bf1 Rg5 
40.Kh2 a5 41.a3 a4 42.Rd1 Bc6 43.Rc1+ Kd6 44.Rc3 b5 45.b4 Be4 46.Kh3 Rg1 
47.Rc1 Ke5 48.Kh2 Rg8 49.Rc5+ Kf4 50.Rxb5 Rh8+ 51.Kg1 Rd8 52.Bh3 Rg8+ 53.
Kh2 Rh8 54.Ra5 Bd3 55.b5 Bf1 56.Rxa4+ Ke5 57.Kg3 Rxh3+ 58.Kg4 Bg2 59.b6 
Rh8 60.Rb4 Rg8+ 61.Kh4 Kd6 62.a4 Kc5 63.Rb1 Kc6 64.a5 Kb7 65.Ra1 Ka6 66.
Ra3 Rg7 67.Ra1 Rg8 68.Ra3 Bf1 69.Rxf3 Kxa5 70.Rf6 Bg2 71.f4 Kb5 72.f5 Bc6 
73.Rg6 Rf8 74.Kg5 Kxb6 75.f6 Kc7 76.Kh6 Bd5 77.f7 Kd7 78.Rg8 Rxf7 79.Rg7 
1/2-1/2

[Event "20th EUR-ch"]
[Site "Skopje MKD"]
[Date "2019.03.25"]
[Round "7"]
[White "Kobalia, Mikhail"]
[Black "Studer, Noel"]
[Result "1/2-1/2"]
[WhiteElo "2627"]
[BlackElo "2479"]
[EventDate "2019.03.18"]
[Board "56"]
[PlyCount "50"]

1.e4 e6 2.d4 d5 3.Nc3 Bb4 4.e5 c5 5.a3 Bxc3+ 6.bxc3 Ne7 7.Qg4 cxd4 8.Qxg7 
Rg8 9.Qxh7 Qc7 10.Ne2 Nbc6 11.f4 dxc3 12.Qd3 d4 13.Nxd4 Nxd4 14.Qxd4 Bd7 
15.Qd6 Qxd6 16.exd6 Nf5 17.Kf2 Bc6 18.Rg1 Nxd6 19.Bd3 Ne4+ 20.Bxe4 Bxe4 
21.Be3 Rd8 22.Rab1 f5 23.Rb3 Rc8 24.Bd4 Kf7 25.Ke3 Rxg2 1/2-1/2

[Event "20th EUR-ch"]
[Site "Skopje MKD"]
[Date "2019.03.25"]
[Round "7"]
[White "Pavlov, Sergey"]
[Black "Salgado Lopez, Ivan"]
[Result "0-1"]
[WhiteElo "2471"]
[BlackElo "2622"]
[EventDate "2019.03.18"]
[Board "57"]
[PlyCount "78"]

1.c4 b6 2.Nc3 Bb7 3.e4 Nf6 4.e5 Ne4 5.Qf3 Nxc3 6.Qxb7 Nc6 7.dxc3 a5 8.e6 
Ra7 9.exf7+ Kxf7 10.Qxa7 Nxa7 11.Nf3 e6 12.Be3 Bc5 13.Bxc5 bxc5 14.O-O-O 
d6 15.Bd3 Qf6 16.h4 h6 17.h5 Nc6 18.Bg6+ Ke7 19.Kc2 a4 20.Rhe1 a3 21.b3 
Ne5 22.Be4 Nxf3 23.Bxf3 Rf8 24.Bg4 e5 25.f3 Qh4 26.Re2 Rf4 27.Rde1 Rxg4 
28.fxg4 Qxg4 29.Re4 Qxg2+ 30.R1e2 Qh3 31.b4 Qxh5 32.bxc5 Qf5 33.Kb3 g5 34.
cxd6+ Kxd6 35.c5+ Kd5 36.c4+ Ke6 37.Kxa3 g4 38.R4e3 Qg5 39.Rc3 h5 0-1

[Event "20th EUR-ch"]
[Site "Skopje MKD"]
[Date "2019.03.25"]
[Round "7"]
[White "Schreiner, Peter"]
[Black "Indjic, Aleksandar"]
[Result "0-1"]
[WhiteElo "2471"]
[BlackElo "2620"]
[EventDate "2019.03.18"]
[Board "58"]
[PlyCount "98"]

1.Nf3 d5 2.d4 Bf5 3.c4 e6 4.Nc3 Nc6 5.Bg5 Be7 6.Bxe7 Ngxe7 7.e3 Qd6 8.Be2 
Bg4 9.Nd2 Bxe2 10.Qxe2 O-O 11.O-O a6 12.Rac1 Rad8 13.Rfd1 e5 14.cxd5 Nxd5 
15.Nde4 Nxc3 16.bxc3 Qe7 17.Qf3 b6 18.Nc5 Nb8 19.Nb3 e4 20.Qf4 f5 21.f3 
exf3 22.Qxf3 Nd7 23.Nd2 Nf6 24.Nc4 Qe6 25.Ne5 Rde8 26.Qb7 Qxa2 27.Ra1 Qb3 
28.Qxa6 g6 29.Qa3 Qe6 30.c4 Ne4 31.Rf1 Kg7 32.Qb2 Re7 33.Ra7 h5 34.Qb5 Qf6
35.Qb2 Rd8 36.h3 h4 37.Kh2 Kh7 38.Rf4 Rxe5 39.dxe5 Qg5 40.Rxc7+ Kh6 41.Qc1
Qg3+ 42.Kh1 Rd2 43.Qg1 Re2 44.e6 Re1 45.Rxe4 Rxg1+ 46.Kxg1 fxe4 47.e7 
Qxe3+ 48.Kf1 Qf4+ 49.Ke2 Qe5 0-1

[Event "20th EUR-ch"]
[Site "Skopje MKD"]
[Date "2019.03.25"]
[Round "7"]
[White "Golubka, Petro"]
[Black "Smirin, Ilia"]
[Result "1-0"]
[WhiteElo "2468"]
[BlackElo "2618"]
[EventDate "2019.03.18"]
[Board "59"]
[PlyCount "97"]

1.d4 Nf6 2.c4 g6 3.Nc3 Bg7 4.e4 d6 5.h3 O-O 6.Nf3 Na6 7.Be3 e5 8.d5 Nh5 9.
g3 f5 10.exf5 gxf5 11.Ng5 Qe8 12.Be2 Nf6 13.Qd2 Nc5 14.O-O-O a6 15.Qc2 h6 
16.Nf3 b5 17.Bxc5 dxc5 18.cxb5 Ne4 19.Nxe4 fxe4 20.Nd2 axb5 21.Qxc5 e3 22.
fxe3 Rxa2 23.Kb1 Ra4 24.e4 Bd7 25.Qxc7 Qa8 26.Nb3 Ra7 27.Qc5 b4 28.Rhf1 
Rb8 29.Qe3 Bxh3 30.Rh1 Bd7 31.Rxh6 Ba4 32.Rc6 Bxc6 33.dxc6 Rf7 34.Qc5 Rc8 
35.Bc4 Rxc6 36.Qxb4 Rf6 37.Bxf7+ Kxf7 38.Rd7+ Kg6 39.Rd6 Qf8 40.Rxf6+ Qxf6
41.Nd2 Qf2 42.Qc3 Kh5 43.Qf3+ Qxf3 44.Nxf3 Kg4 45.Nh4 Bf8 46.Kc2 Kxg3 47.
Ng6 Bd6 48.Kd3 Kf3 49.b3 1-0